000 01060cab a2200313 4500
001 ABS52929
008 090401t1995 xxu||||| |||| 00| 0 eng d
035 _a(Sirsi) u936
041 _aeng
100 _aEdwards, M.
245 _aPlanning gain - the final word?
260 _c1995
350 _a0
490 _aEstates Gazette
_v(9521) 27 May 1995, 44-45(2)
520 _aExamines the implications of the decision in "Tesco Stores Ltd v SoS Environment" where HL considered planning gain for the first time.
650 _aDOE CIRCULAR 16/1991
650 _aMATERIAL CONSIDERATIONS
650 _aPLANNING GAIN
650 _aPLANNING OBLIGATIONS
650 _aPLANNING PERMISSION
650 _aR V PLYMOUTH CITY COUNCIL EX P PLYMOUTH AND SOUTH DEVON CO-OPERATIVE SOCIETY LTD
650 _aR V SOUTH NORTHAMPTONSHIRE DC AND OTHERS EX P CREST HOMES PLC
650 _aREDEVELOPMENT
650 _aTESCO STORES LTD V SOS ENVIRONMENT & ANOR
690 _aPLANNING LAW AND PRACTICE
700 _aMartin, J.
942 _n0
948 _c04/03/1997
999 _c523
_d523